000 00607nmm a2200181Ia 4500
008 251105s9999||||xx |||||||||||||||||und||
041 _aspa
100 _aGarcía Zarcero, Félix
245 0 _aFísica y química :
_b 1º Bachillerato
264 _a[Madrid, España] :
_bMinisterio de Educación, Cultura y Deporte de España,
_c2010
300 _a362 páginas
490 _aBachillerato a distancia
650 _aTeen & Young Adult Non Fiction
700 _aGarcía Zarcero, Félix
700 1 _a Manteca Reverte, Francisca
856 _uhttps://public.digitaliapublishing.com/a/14753
942 _cCF
999 _c65948
_d65948